00323nam a2200121Ia 4500008004100000020002000041082002000061100002100081245003200102260003000134650001800164650001900182220204s9999 xx 000 0 und d a139780120008070 a631/635bADV.89 aSparks, Donald L 0aAdvances in agronomy. V. 89 aSan DiegobElsevierc2006 aNematode pest aOrganic wastes